000 02160cam a22005054i 4500
003 PE-LiUPU
005 20250731165503.0
008 150623s r 000 0 d
020 _a1841270288
035 _a(Sirsi) i9781841270289
040 _aPE-LiUPU
_bspa
_cPE-LiUPU
_erda
049 _aPRUA
082 0 4 _a221.07
_bJ
_221
100 1 _aNasut, Harry P.,
_eautor.
245 1 0 _aDefining the sacred songs :
_bgenre, tradition and the post-critical interpretation of the Psalms.
_n218 /
_cHarry P. Nasut.
264 1 _aSheffield, England :
_bSheffield Academic Press,
_c1999.
300 _a231 páginas ;
_c23 centímetros
336 _atext
_2rdacontent
337 _aunmediated
_2rdamedia
338 _avolume
_2rdacarrier
490 0 _aJournal for the Study of the Old Testament. Supplement Series ;
_v218
504 _aIncluye bibliografía.
505 0 _aThe role of genre in bliblical interpretation: the case of the seven penitential Psalms. -The shifting center of the Psalms: genre definition and evaluation. -The power of Genre: form and function in the Psalms. -King David's genres: the relationship between authorship and genre in the Pslams. -The parts and the whole: the genre definition of the Psalms and the canonical shape of the Psalter.
526 _aSEG44
526 _aSEG26
526 _aP151
526 _aP150
526 _aP149
526 _aP146
526 _aP145
526 _aP126
526 _aP125
526 _aP92
526 _aP75
526 _aP74
526 _aP27
526 _aP15
630 _aBiblia.
_pA.T.
_pSalmos
_xComentarios.
942 _2ddc
_cBOOK
949 _aRC 221.07 J 218
_wDEWEY
_c1
_i46602
_lCCODEBUL1
_mBUL
_r0
_sY
_tBOOK
_u2015-6-24
_xTEOLOGIA
_PP35
_0COMPRA
_o.CIRCNOTE. No olvidar cambiar la fecha de devolución!!!!!!!
_o.STAFF. Colección General
994 _aC0
_bPEPRU
596 _a1
999 _aRC 221.07 J 218
_wDEWEY
_c23390
_i46602
_f2021-11-8
_g6
_lCCODEBUL1
_mBUL
_r1
_sY
_tBOOK
_u2015-6-24
_xTEOLOGIA
_PP35
_0COMPRA
_o.CIRCNOTE. No olvidar cambiar la fecha de devolución!!!!!!!
_o.STAFF. Colección General
_d23390
980 _81
_gALBERTO SANCHEZ Responsable de Automatización